[Event "AUT-chT2O 2122"]
[Site "Austria"]
[Date "2022.02.13"]
[Round "5.6"]
[White "Wiedner, Robert"]
[Black "Kammerer, Roman"]
[Result "1-0"]
[WhiteElo "2098"]
[BlackElo "2016"]
[PlyCount "69"]
[EventDate "2021.10.16"]
[EventType "team-tourn"]
[EventRounds "11"]
[EventCountry "AUT"]
[SourceTitle "EXT 2023"]
[Source "ChessBase"]
[SourceDate "2022.10.05"]
[SourceVersion "1"]
[SourceVersionDate "2022.10.05"]
[SourceQuality "1"]
[WhiteTeam "Mattersburg"]
[BlackTeam "Poechlarn"]
[WhiteTeamCountry "AUT"]
[BlackTeamCountry "AUT"]

1. Nf3 g6 2. e4 d6 3. d4 Bg7 4. Bd3 Nd7 5. Bg5 c5 6. c3 cxd4 7. cxd4 Qb6 8. Nc3 e6 9. 0-0 h6 10. Be3 a6 11. Qd2 Qd8 12. Rfe1 Ne7 13. a4 g5 14. d5 e5 15. a5 Ng6 16. h3 Nf4 17. Bf1 Qf6 18. Nh2 Nf8 19. Na4 Nh7 20. Nb6 Rb8 21. Rac1 0-0 22. Rc7 g4 23. hxg4 h5 24. g3 Ng5 25. gxf4 Nxe4 26. Qc2 exf4 27. Bxf4 Nc5 28. Bxd6 Qxd6 29. Qxc5 Qf4 30. Nxc8 Bd4 31. Ne7+ Kh8 32. Qc2 hxg4 33. Re4 Bxf2+ 34. Qxf2 Qxe4 35. Qf6+ 1-0

[Event "AUT-ch"]
[Site "Linz"]
[Date "2011.07.30"]
[Round "8"]
[White "Kammerer, Roman"]
[Black "Wiedermann, Daniel"]
[Result "0-1"]
[WhiteElo "2084"]
[BlackElo "2209"]
[PlyCount "168"]
[EventDate "2011.07.23"]
[EventType "swiss"]
[EventRounds "9"]
[EventCountry "AUT"]
[SourceTitle "CBM 143 Extra"]
[Source "ChessBase"]
[SourceDate "2011.08.29"]
[SourceVersion "1"]
[SourceVersionDate "2011.08.29"]
[SourceQuality "1"]

1. e4 c6 2. d4 d5 3. Nc3 dxe4 4. Nxe4 Bf5 5. Ng3 Bg6 6. Nf3 Nd7 7. Bd3 Bxd3 8. Qxd3 e6 9. 0-0 Ngf6 10. Re1 Be7 11. Qb3 Qb6 12. Qxb6 Nxb6 13. b3 0-0 14. Bb2 Rfd8 15. c4 a5 16. a4 Bb4 17. Re2 Nbd7 18. Ba3 Bxa3 19. Rxa3 c5 20. Nf1 cxd4 21. Nxd4 Nc5 22. Nc2 Rd3 23. Re3 Rad8 24. b4 axb4 25. Nxb4 R3d4 26. a5 Rxc4 27. Rec3 Rxc3 28. Rxc3 Nfe4 29. Rc2 Nb3 30. a6 bxa6 31. Nxa6 g5 32. f3 Nf6 33. Rb2 Ra8 34. Nc7 Rb8 35. Nxe6 fxe6 36. Nd2 Nxd2 37. Rxb8+ Kf7 38. Rb7+ Kg6 39. Kf2 Nc4 40. Rb4 Ne5 41. Rb6 Kf7 42. Rb7+ Ned7 43. Kg3 h5 44. Kf2 Kg6 45. g3 Kf5 46. Ra7 Nb6 47. Ra5+ Nbd5 48. Ra4 e5 49. h3 Ne7 50. Ra6 h4 51. g4+ Kg6 52. Re6 Ned5 53. Rxe5 Nf4 54. Ra5 Nxh3+ 55. Kg2 Nf4+ 56. Kh2 N6d5 57. Ra6+ Kf7 58. Ra8 Ne6 59. Ra7+ Kf6 60. Ra5 Ndf4 61. Ra6 Ke5 62. Ra4 Nd4 63. Ra5+ Kd6 64. Ra3 Kd5 65. Kg1 Kc4 66. Re3 Kd5 67. Kf2 Ng6 68. Ra3 Ne5 69. Ra5+ Kd6 70. f4 gxf4 71. Ra6+ Kd5 72. g5 Ne6 73. Ra5+ Ke4 74. g6 Nxg6 75. Rh5 f3 76. Ra5 h3 77. Kg3 Ngf4 78. Ra4+ Nd4 79. Ra8 Nf5+ 80. Kh2 f2 81. Ra4+ Kf3 82. Ra3+ Ne3 83. Rb3 f1Q 84. Rxe3+ Kxe3 0-1

[Event "AUT-ch"]
[Site "Linz"]
[Date "2011.07.28"]
[Round "6"]
[White "Matt, Fabian"]
[Black "Kammerer, Roman"]
[Result "1-0"]
[WhiteElo "2188"]
[BlackElo "2084"]
[PlyCount "53"]
[EventDate "2011.07.23"]
[EventType "swiss"]
[EventRounds "9"]
[EventCountry "AUT"]
[SourceTitle "CBM 143 Extra"]
[Source "ChessBase"]
[SourceDate "2011.08.29"]
[SourceVersion "1"]
[SourceVersionDate "2011.08.29"]
[SourceQuality "1"]

1. e4 g6 2. d4 Bg7 3. Nf3 d6 4. Nc3 Nf6 5. Be3 Ng4 6. Bg5 h6 7. Bf4 Nd7 8. h3 e5 9. Bg3 exd4 10. Nxd4 Ngf6 11. Qd2 Nh5 12. Bh2 Be5 13. g4 Ng7 14. 0-0-0 Bxh2 15. Rxh2 Ne5 16. f4 Nc6 17. Nd5 Be6 18. Nxc6 bxc6 19. Qc3 Kf8 20. Qxc6 Bxd5 21. Qxd5 Ne6 22. Bc4 Rb8 23. f5 Qg5+ 24. Kb1 Nd8 25. Qd4 Rg8 26. Qxa7 Rb7 27. Qd4 1-0

[Event "AUT-ch"]
[Site "Linz"]
[Date "2011.07.25"]
[Round "3"]
[White "Neff, Gregor"]
[Black "Kammerer, Roman"]
[Result "1/2-1/2"]
[WhiteElo "2205"]
[BlackElo "2084"]
[PlyCount "157"]
[EventDate "2011.07.23"]
[EventType "swiss"]
[EventRounds "9"]
[EventCountry "AUT"]
[SourceTitle "CBM 143 Extra"]
[Source "ChessBase"]
[SourceDate "2011.08.29"]
[SourceVersion "1"]
[SourceVersionDate "2011.08.29"]
[SourceQuality "1"]

1. c4 Nf6 2. g3 g6 3. Bg2 Bg7 4. Nc3 d6 5. d4 c6 6. Nf3 Qc7 7. 0-0 0-0 8. h3 Re8 9. e4 e5 10. Re1 b6 11. Be3 Nbd7 12. Rc1 Bb7 13. b4 a5 14. a3 axb4 15. axb4 Nh5 16. Qb3 h6 17. dxe5 Nxe5 18. Nxe5 dxe5 19. Na4 Ra6 20. b5 Raa8 21. Bxb6 Qe7 22. Bc5 Qe6 23. Be3 Bf8 24. Nc5 Bxc5 25. Bxc5 cxb5 26. Qxb5 Ba6 27. Qb4 Reb8 28. Qd2 Bxc4 29. Qxh6 Rc8 30. Be3 Ra2 31. g4 Ng7 32. Qg5 Ne8 33. Red1 Nf6 34. Bf1 Ra4 35. Bg2 Re8 36. Qh4 Bb3 37. Rd3 Rc4 38. Rxc4 Bxc4 39. Rd1 Rc8 40. Bg5 Nh7 41. Be3 Nf6 42. Bf3 Bb3 43. Ra1 Bc2 44. g5 Nd7 45. Rc1 Rc6 46. Qg3 Qd6 47. Ra1 Ra6 48. Rc1 Rc6 49. Qg4 Nf8 50. Ra1 Ra6 51. Rc1 Rc6 52. Be2 Ne6 53. Ra1 Qb8 54. Kg2 Nf4+ 55. Bxf4 exf4 56. Bf3 Re6 57. e5 Qxe5 58. Ra8+ Re8 59. Rxe8+ Qxe8 60. Qxf4 Bf5 61. h4 Qe6 62. Kg3 Qe1 63. Qb8+ Kg7 64. Qb2+ Kg8 65. Qe2 Qxe2 66. Bxe2 f6 67. f4 fxg5 68. hxg5 Kg7 69. Kf3 Bd7 70. Ke4 Bf5+ 71. Ke5 Bd7 72. Bc4 Bf5 73. Be6 Bd3 74. f5 gxf5 75. Bxf5 Be2 76. Be4 Bd1 77. Bf5 Be2 78. Be4 Bd1 79. Bf5 1/2-1/2

[Event "AUT-chT2O 0910"]
[Site "Austria"]
[Date "2009.11.14"]
[Round "3.6"]
[White "Kammerer, Roman"]
[Black "Zechner, Andrea"]
[Result "1-0"]
[WhiteElo "2099"]
[BlackElo "1987"]
[PlyCount "95"]
[EventDate "2009.10.17"]
[EventType "team-tourn"]
[EventRounds "11"]
[EventCountry "AUT"]
[SourceTitle "EXT 2010"]
[Source "ChessBase"]
[SourceDate "2010.11.25"]
[SourceVersion "1"]
[SourceVersionDate "2010.11.25"]
[SourceQuality "1"]
[WhiteTeam "St Poelten"]
[BlackTeam "Baden Invest II"]
[WhiteTeamCountry "AUT"]
[BlackTeamCountry "AUT"]

1. c4 c6 2. g3 d5 3. cxd5 cxd5 4. d4 Nf6 5. Nc3 Nc6 6. Bg2 e6 7. Nf3 Be7 8. 0-0 0-0 9. Bg5 a6 10. Rc1 Bd7 11. Na4 h6 12. Bxf6 Bxf6 13. Nc5 b6 14. Nxd7 Qxd7 15. e3 Rfc8 16. Qb3 Qb7 17. h4 Na5 18. Qd3 Nc4 19. b3 Nd6 20. Nd2 Rxc1 21. Rxc1 Rc8 22. Rxc8+ Qxc8 23. e4 dxe4 24. Nxe4 Nxe4 25. Bxe4 b5 26. d5 exd5 27. Qxd5 g6 28. Bxg6 Qe6 29. Qxe6 fxe6 30. Bd3 Kf7 31. Kg2 Ke7 32. f4 Kd6 33. a4 bxa4 34. bxa4 a5 35. Bc4 e5 36. f5 e4 37. Kh3 Ke5 38. Kg4 Kd4 39. Bb5 Ke3 40. Kh5 Bg7 41. Kg6 Bf8 42. g4 Kf4 43. g5 hxg5 44. hxg5 Ke5 45. f6 e3 46. Kf7 Bc5 47. g6 Kf5 48. g7 1-0

[Event "AUT-ch qual"]
[Site "Leoben"]
[Date "2008.07.22"]
[Round "4.9"]
[White "Zojer, Stefan"]
[Black "Kammerer, Roman"]
[Result "1-0"]
[WhiteElo "2077"]
[BlackElo "2123"]
[PlyCount "77"]
[EventDate "2008.07.19"]
[EventType "swiss"]
[EventRounds "9"]
[EventCountry "AUT"]
[SourceTitle "EXT 2024"]
[Source "ChessBase"]
[SourceDate "2023.10.10"]
[SourceVersion "1"]
[SourceVersionDate "2023.10.10"]
[SourceQuality "1"]

1. d4 Nf6 2. c4 c5 3. d5 b5 4. cxb5 a6 5. bxa6 Bxa6 6. Nc3 d6 7. e4 Bxf1 8. Kxf1 g6 9. Nf3 Bg7 10. h3 Nbd7 11. Kg1 0-0 12. Kh2 Ne8 13. Re1 Qb6 14. Qe2 Nc7 15. Bg5 e6 16. Rab1 exd5 17. exd5 Rfe8 18. Qd2 c4 19. Be3 Nc5 20. Bd4 f6 21. Ne4 Nxe4 22. Bxb6 Nxd2 23. Nxd2 Nxd5 24. Rxe8+ Rxe8 25. Nxc4 Nxb6 26. Nxb6 Re2 27. a4 f5 28. a5 Bd4 29. Nc4 f4 30. f3 g5 31. Nxd6 g4 32. hxg4 h5 33. Nf5 Bf2 34. b4 hxg4 35. Nh6+ Kg7 36. Nxg4 Bd4 37. b5 Re8 38. g3 Re2+ 39. Kh3 1-0

[Event "AUT-ch qual"]
[Site "Leoben"]
[Date "2008.07.19"]
[Round "1.13"]
[White "Kammerer, Roman"]
[Black "Kessler, Luca"]
[Result "1/2-1/2"]
[WhiteElo "2123"]
[BlackElo "1931"]
[PlyCount "119"]
[EventDate "2008.07.19"]
[EventType "swiss"]
[EventRounds "9"]
[EventCountry "AUT"]
[SourceTitle "EXT 2024"]
[Source "ChessBase"]
[SourceDate "2023.10.10"]
[SourceVersion "1"]
[SourceVersionDate "2023.10.10"]
[SourceQuality "1"]

1. e4 c5 2. Nf3 d6 3. Bb5+ Bd7 4. Bxd7+ Qxd7 5. 0-0 Nf6 6. Re1 Nc6 7. c3 e6 8. d4 cxd4 9. cxd4 d5 10. Nc3 dxe4 11. Nxe4 Nxe4 12. Rxe4 Be7 13. Qe2 0-0 14. Bf4 Bf6 15. Be5 Bxe5 16. dxe5 Rfd8 17. h4 Rac8 18. h5 h6 19. b4 Qd3 20. Qxd3 Rxd3 21. Rc4 a6 22. a4 Rb3 23. Rac1 Rd8 24. R1c3 Rxc3 25. Rxc3 Nxb4 26. Rb3 a5 27. Rc3 Rd1+ 28. Kh2 Rd7 29. Rc5 b6 30. Rc8+ Kh7 31. Rb8 Nd5 32. Nd4 Rc7 33. Nb5 Rc4 34. Nd6 Rxa4 35. Kg3 Nf4 36. Rxb6 Nxh5+ 37. Kf3 Kg6 38. Rb7 f6 39. g4 Rf4+ 40. Ke3 Rxg4 41. Re7 fxe5 42. Rxe6+ Nf6 43. Rxe5 a4 44. Ra5 Rb4 45. Kd3 h5 46. Kc3 Rf4 47. Nc4 Rxf2 48. Rxa4 h4 49. Ne5+ Kh5 50. Nd3 Rf3 51. Kd2 g5 52. Ke2 Rg3 53. Ra8 g4 54. Ra5+ Kh6 55. Nf2 h3 56. Ra6 Rg2 57. Rxf6+ Kg5 58. Rf8 h2 59. Rh8 g3 60. Kf3 1/2-1/2

[Event "Niederoesterreich Landesliga 0708"]
[Site "Austria"]
[Date "2007.12.16"]
[Round "7"]
[White "Schmid, Thomas2222"]
[Black "Kammerer, Roman"]
[Result "0-1"]
[WhiteElo "2201"]
[BlackElo "2019"]
[PlyCount "61"]
[EventDate "2007.09.16"]
[EventType "team-tourn"]
[EventRounds "13"]
[EventCountry "AUT"]
[SourceTitle "EXT 2022"]
[Source "ChessBase"]
[SourceDate "2021.10.06"]
[SourceVersion "1"]
[SourceVersionDate "2021.10.06"]
[SourceQuality "1"]

1. e4 c5 2. Nf3 Nc6 3. Bb5 g6 4. Bxc6 dxc6 5. d3 Bg7 6. h3 Nf6 7. Nc3 0-0 8. Be3 b6 9. Qd2 Re8 10. Bh6 Bh8 11. Ng5 Qc7 12. g4 a5 13. f4 a4 14. 0-0-0 b5 15. e5 b4 16. Nce4 Nd5 17. Nxc5 a3 18. b3 Nc3 19. Nge4 Nxd1 20. Rxd1 Qb6 21. d4 f5 22. gxf5 Bxf5 23. Qg2 Rad8 24. h4 Bg7 25. Bxg7 Kxg7 26. h5 Qa7 27. Ng5 e6 28. Qxc6 Qe7 29. h6+ Kg8 30. Qb5 Qf8 31. Nce4 0-1